00317 a2200121 4500001000700000020000600007040001100013100002600024240006500050245006000115362000900175440001100184169133 a  cMagnum aSoares, Antonio Jorge10aDialetica, educacao e politica: uma releitura de plataolpor10aDialetica, educacao e politica: uma releitura de platao0 a1899 1aCortez